[Event "St Petersburg zt"]
[Site "St Petersburg"]
[Date "1993.??.??"]
[Round "9"]
[White "Agrest, Evgenij"]
[Black "Rublevsky, Sergei"]
[Result "1/2-1/2"]
[WhiteElo "2460"]
[BlackElo "2515"]

1.d4 d5 2.c4 dxc4 3.e4 e5 4.Nf3 exd4 5.Bxc4 Bb4+ 6.Bd2 Bxd2+ 7.Nbxd2 Qf6
8.O-O Ne7 9.Nb3 Nbc6 10.Nfxd4 O-O 11.Qf3 Qg6 12.Qf4 Bh3 13.Qg3 Nxd4 14.Nxd4 Rad8
15.Qxg6 Nxg6 16.Rfd1 Ne5 17.Be2 Bd7 18.Rac1 Nc6 19.Nb5 Be6 20.b3 Rxd1+ 21.Rxd1 Rc8
22.f4 f6 23.Kf2 Kf8 24.Ke3 Ke7 25.Rc1 a6 26.Nc3 Nb8 27.Na4 Nd7 28.Kd4 a5
29.Bb5 c6 30.Be2 Rd8 31.Ke3  1/2-1/2

[Event "Stockerau op"]
[Site "Stockerau"]
[Date "1993.??.??"]
[Round "8"]
[White "Iashvili, Akaki"]
[Black "Szakolczai, Peter"]
[Result "1-0"]
[WhiteElo "2445"]
[BlackElo "2240"]

1.d4 d5 2.c4 dxc4 3.e4 c5 4.d5 Nf6 5.Nc3 e6 6.Bxc4 exd5 7.exd5 Bd6 8.Nf3 O-O
9.O-O a6 10.Bg5 h6 11.Bh4 Bf5 12.Bd3 Bxd3 13.Qxd3 g5 14.Bg3 Bxg3 15.fxg3 Qd6
16.Nd2 Nbd7 17.Nc4 Qc7 18.d6 Qc6 19.Ne3 c4 20.Qd4 Rae8 21.Ned5 Nxd5 22.Nxd5 Kh7
23.Rf5  1-0

[Event "SWZ-chT"]
[Site "?"]
[Date "1993.??.??"]
[Round "?"]
[White "Begovac, Franja"]
[Black "Rueetschi, Urs"]
[Result "1-0"]
[WhiteElo "2405"]
[BlackElo "2265"]

1.d4 d5 2.c4 dxc4 3.e4 e5 4.Nf3 Bb4+ 5.Nc3 exd4 6.Qxd4 Qxd4 7.Nxd4 Nf6 8.f3 Bc5
9.Ndb5 Na6 10.Bf4 Be6 11.Bxc7 O-O 12.Bd6 Rfc8 13.O-O-O Ne8 14.Bg3 Nb4 15.Nd4 Nd3+
16.Bxd3 Bxd4 17.Be2 Bc5 18.f4 f5 19.Bf3 Rab8 20.Rhe1 b5 21.exf5 Bxf5 22.Rd5 g6
23.Rxe8+ Rxe8 24.Rxc5 a6 25.Nd5 Re6 26.Bh4 Bd3 27.Nf6+ Kh8 28.Nd7 Rbe8 29.Bf6+ Rxf6
30.Nxf6 Re1+ 31.Kd2 Rb1 32.Rc7 g5 33.fxg5 Rxb2+ 34.Ke3 b4 35.Bh5 Bf5 36.g6  1-0

[Event "SWZ-chT"]
[Site "?"]
[Date "1993.??.??"]
[Round "?"]
[White "Rueetschi, Urs"]
[Black "Erismann, Peter"]
[Result "1/2-1/2"]
[WhiteElo "2265"]
[BlackElo "2250"]

1.d4 d5 2.c4 dxc4 3.e4 e5 4.Nf3 exd4 5.Bxc4 Bb4+ 6.Nbd2 Nc6 7.O-O Nf6 8.e5 Nd5
9.Nb3 Nb6 10.Bb5 Qd5 11.Nfxd4 O-O 12.Nxc6 Qxb5 13.Nxb4 Qxb4 14.Be3 Re8 15.Rc1 c6
16.Bc5 Qh4 17.Bd6 Nd5 18.Qf3 Re6 19.Rfd1 Rg6 20.Rd4 Bg4 21.Qg3 Qh5 22.Kh1 Bd1
23.Qh4 Qxh4 24.Rxh4 Bxb3 25.axb3 Re8 26.g3 f6 27.f4 fxe5 28.fxe5 Rge6 29.Ra4 a6
30.Rf1 h6 31.Rf3 Ne7 32.Raf4 Ng6 33.Rf7 Nxe5 34.Bxe5 Rxe5 35.Rxb7 Rb5 36.Rc7 Rf8
37.Rxf8+ Kxf8 38.Rxc6 Rxb3 39.Rxa6 Rxb2  1/2-1/2

[Event "EU-ch U14 Girls"]
[Site "Szombathely"]
[Date "1993.??.??"]
[Round "6"]
[White "Gheorghe, Anca"]
[Black "Kiss, Fernanda"]
[Result "1-0"]
[WhiteElo "2005"]
[BlackElo "2080"]

1.d4 d5 2.c4 dxc4 3.e4 c5 4.Nf3 Bg4 5.Bxc4 e6 6.Qa4+ Ke7 7.Ne5 Bh5 8.Qb5 Qb6
9.dxc5 Qxb5 10.Bxb5 f6 11.Nc4 Kf7 12.Be3 Nc6 13.Bxc6 bxc6 14.Na5 Ne7 15.Nd2 Rc8
16.f3 f5 17.Ndc4 Ng6 18.Rd1 Rc7 19.Nd6+ Bxd6 20.cxd6 Rd7 21.Nxc6 Rc8 22.Nxa7 Rc2
23.O-O Rxb2 24.Rf2 Rxf2 25.Kxf2 Ne5 26.exf5 exf5 27.Nb5 Rb7 28.a4 Nd7 29.Rc1 Ke8
30.Rc8+ Kf7 31.Rc7  1-0

[Event "NOR-chT"]
[Site "Vettre"]
[Date "1993.??.??"]
[Round "4"]
[White "Ostenstad, Berge"]
[Black "Madsen, Dag"]
[Result "1/2-1/2"]
[WhiteElo "2465"]
[BlackElo "2310"]

1.d4 d5 2.c4 dxc4 3.e4 Nf6 4.e5 Nd5 5.Bxc4 Nb6 6.Bd3 Nc6 7.Be3 Nb4 8.Be4 f5
9.exf6 exf6 10.Nc3 f5 11.Bf3 N4d5 12.Nge2 Be6 13.Nf4 Nxf4 14.Bxf4 Bd6 15.Bxd6 Qxd6
16.Bxb7 Rd8 17.O-O O-O 18.Re1 c6 19.Qc2 Rd7 20.Ba6 Rf6 21.Rad1 Rh6 22.Re5 Rf7
23.h3 Nd7 24.Ree1 Nf6 25.Qd2 g5 26.Qxg5+ Rg6 27.Qe3 Ne4 28.Bf1 Bd5 29.Nxd5 cxd5
30.Rc1 f4 31.Qf3 Ng5 32.Re8+ Kg7 33.Qg4 f3 34.Rcc8 fxg2 35.Rg8+ Kf6 36.Rxg6+ hxg6
37.Bxg2 Ne6 38.Qh4+ g5 39.Qh6+ Ke7 40.Ra8 Qf4 41.Rxa7+ Nc7 42.Rxc7+ Qxc7
43.Bxd5 Qc1+ 44.Kg2 Rxf2+ 45.Kxf2 Qd2+ 46.Kf1 Qd1+ 47.Kg2 Qd2+ 48.Kh1 Qc1+  1/2-1/2

[Event "Vilnius zt"]
[Site "Vilnius"]
[Date "1993.??.??"]
[Round "?"]
[White "Ruzele, Darius"]
[Black "Zhuravliov, Valerij"]
[Result "1/2-1/2"]
[WhiteElo "2500"]
[BlackElo "2485"]

1.d4 d5 2.c4 dxc4 3.e4 Nf6 4.e5 Nd5 5.Bxc4 Nb6 6.Bb3 Nc6 7.Ne2 Bf5 8.Nbc3 e6
9.a3 Be7 10.O-O O-O 11.Ba2 h6 12.Be3 Bg5 13.f4 Bh4 14.h3 Qd7 15.Qd2 Na5 16.b3 Be7
17.Rad1 Bxa3 18.g4 Bh7 19.Nb1 Qe7 20.Nxa3 Qxa3 21.f5 Nxb3 22.Bxb3 Qxb3 23.Rb1 Qa3
24.Ra1 Qb3 25.Rab1 Qa3 26.Ra1 Qb3 27.Rab1  1/2-1/2

[Event "Vilnius zt"]
[Site "Vilnius"]
[Date "1993.??.??"]
[Round "?"]
[White "Oll, Lembit"]
[Black "Ruzele, Darius"]
[Result "1/2-1/2"]
[WhiteElo "2585"]
[BlackElo "2500"]

1.d4 d5 2.c4 dxc4 3.e4 Nf6 4.e5 Nd5 5.Bxc4 Nb6 6.Bb3 Nc6 7.Ne2 Bf5 8.Nbc3 e6
9.a3 Qd7 10.O-O Rd8 11.Be3 Be7 12.h3 Na5 13.Ba2 Nac4 14.Ng3 Bg6 15.Qe2 Nxe3
16.fxe3 c5 17.dxc5 Bxc5 18.Rad1 Qc7 19.Nge4 O-O 20.Nd6 a6 21.h4 h5 22.Qf3 Nd7
23.Qg3 Nxe5 24.Nc4 Bd3 25.Qxe5 Qxe5 26.Nxe5 Bxe3+ 27.Kh2 Bxf1 28.Rxf1 Rd4
29.Kg3 g5 30.hxg5 Bxg5 31.Nxf7 Rg4+ 32.Kh3 Rh4+ 33.Kg3 Rg4+ 34.Kh3  1/2-1/2

[Event "Werfen op"]
[Site "Werfen"]
[Date "1993.??.??"]
[Round "5"]
[White "Lempert, Igor"]
[Black "Lazarev, Vladimir"]
[Result "1/2-1/2"]
[WhiteElo "2455"]
[BlackElo "2440"]

1.d4 d5 2.c4 dxc4 3.e4 Nc6 4.Be3 Nf6 5.Nc3 Ng4 6.Bxc4 e5 7.d5 Nxe3 8.fxe3 Nb8
9.Qh5 Bd6 10.Nf3 Qe7 11.O-O O-O 12.Nh4 g6 13.Qh6 a6 14.Rf3 f6 15.Rg3 Qg7
16.Qxg7+ Kxg7 17.Nf5+ Kf7 18.Nxd6+ cxd6 19.a4 b6 20.a5 Nd7 21.Rf3 Rb8 22.axb6 Nxb6
23.Bd3 Nd7 24.Na4 Rb4 25.Rf2 Bb7 26.Rc2 Rc8 27.Rc3 Ke7 28.Raa3 Ke8 29.Rcb3 Rc1+
30.Kf2 a5 31.Rc3 Rd1 32.Ke2 Rg1 33.Kf2 Rd1 34.Ke2 Rh1 35.h3 f5 36.exf5 e4
37.Bc4 gxf5 38.b3 Nb6 39.Nb2 Rb1 40.Rc2 Bxd5 41.Bxd5 Nxd5 42.Rxa5 Nxe3 43.Kxe3 Rxb3+
44.Kd4 R1xb2 45.Rxb2 Rxb2 46.Rxf5 Rb4+ 47.Kd5 e3 48.Rf1 Rb2 49.Kxd6 Re2 50.Ke5 Rxg2
51.Re1 Rg3 52.Kf4  1/2-1/2

[Event "Wijk op"]
[Site "Wijk aan Zee"]
[Date "1993.??.??"]
[Round "11"]
[White "Azmaiparashvili, Zurab"]
[Black "Piket, Jeroen"]
[Result "0-1"]
[WhiteElo "2655"]
[BlackElo "2590"]

1.d4 d5 2.c4 dxc4 3.e4 Nc6 4.Nf3 Bg4 5.d5 Ne5 6.Bf4 Ng6 7.Be3 Nf6 8.Nc3 e5
9.Bxc4 a6 10.Be2 Bd6 11.Nd2 Bxe2 12.Qxe2 O-O 13.O-O Qd7 14.f3 Rfc8 15.Rfd1 Ne8
16.Nb3 h6 17.Rac1 Kh7 18.Rc2 Rcb8 19.Rdc1 b5 20.Na5 b4 21.Nb1 f5 22.Nd2 Rb5
23.Nac4 fxe4 24.Nxe4 Rxd5 25.Rd2 Be7 26.Rcd1 Rxd2 27.Qxd2 Qxd2 28.Rxd2 Nf6
29.Nxf6+ Bxf6 30.Rd7 Nf4 31.Kf2 Ne6 32.Rd5 Rb8 33.Ra5 b3 34.a3 Nf4 35.Rxa6 Nd3+
36.Ke2 e4 37.Rxf6 gxf6 38.fxe4 Ne5 39.Nxe5 fxe5 40.Kd3 Rd8+ 41.Kc3 Rd1 42.a4 Kg6
43.Bf2 Kf6 44.Kxb3 Ke6 45.g4 Rd2 46.Bg3 Kd6 47.a5 Rd3+ 48.Kc2 Rd4 49.a6 Ra4
50.Bf2 Rxa6 51.Be3 Ra4 52.Kd3 Rb4 53.Bc1 Rb3+ 54.Kc4 Rh3 55.b4 Rxh2 56.Be3 Rh4
57.Kd3 Kc6 58.Bd2 Rxg4 59.Bxh6 Kb5 60.Bf8 Rg3+ 61.Ke2 Kc4 62.Be7 c6 63.Bc5 Rb3
64.Ba7 Rxb4  0-1

[Event "Zuerich op"]
[Site "Zuerich"]
[Date "1993.??.??"]
[Round "?"]
[White "Schienmann, Bruno"]
[Black "Giertz, Niklaus"]
[Result "0-1"]
[WhiteElo "2250"]
[BlackElo "2245"]

1.d4 d5 2.c4 dxc4 3.e4 e5 4.Nf3 exd4 5.Bxc4 Bb4+ 6.Nbd2 Nc6 7.O-O Nf6 8.e5 Nd5
9.Nb3 Nb6 10.Bb5 Qd5 11.Nfxd4 Bd7 12.a3 Nxd4 13.Bxd7+ Qxd7 14.Qxd4 Qxd4 15.Nxd4 Bc5
16.Nb3 Be7 17.Be3 O-O-O 18.Bxb6 axb6 19.Rfd1 Rxd1+ 20.Rxd1 Rd8 21.Rxd8+ Kxd8
22.Nd4 Kd7 23.Kf1 Bc5 24.Nb5 c6 25.Nc3 g5 26.Ne4 Be7 27.h4 g4 28.Nf6+ Bxf6
29.exf6 Ke6 30.Ke2 Kxf6 31.a4 Ke5 32.Ke3 h5 33.f3 gxf3 34.Kxf3 Kf5 35.b3 f6
36.g3 c5 37.g4+ hxg4+ 38.Kg3 b5 39.axb5 b6  0-1

[Event "Aalborg op"]
[Site "Aalborg"]
[Date "1994.??.??"]
[Round "7"]
[White "Christiansen, Jens Jorgen"]
[Black "Hansen, Lars"]
[Result "1/2-1/2"]
[WhiteElo "2265"]
[BlackElo "2265"]

1.d4 d5 2.c4 dxc4 3.e4 Nc6 4.Nf3 Bg4 5.Bxc4 Bxf3 6.Qxf3 e6 7.Bb5 Bb4+ 8.Nc3 Qxd4
9.Bxc6+ bxc6 10.O-O Nf6 11.Be3 Qc4 12.Rfc1 Qa6 13.Bg5 Nd7 14.Qg3 Bd6 15.Bf4 Bxf4
16.Qxf4 Qa5 17.Rd1 Nf6 18.a3 O-O 19.b4 Qh5 20.Qxc7 a5 21.Rab1 axb4 22.axb4 Qh4
23.f3 Qg5 24.Qb6  1/2-1/2

[Event "Aarhus op"]
[Site "Aarhus"]
[Date "1994.??.??"]
[Round "8"]
[White "Henrichsen, Jens"]
[Black "Hansen, Lars"]
[Result "1/2-1/2"]
[WhiteElo "2150"]
[BlackElo "2265"]

1.d4 d5 2.c4 dxc4 3.e4 e5 4.Nf3 Bb4+ 5.Bd2 Bxd2+ 6.Qxd2 exd4 7.Qxd4 Nf6 8.Qxd8+ Kxd8
9.Nc3 Be6 10.Nd2 Re8 11.f3 Nbd7 12.Bxc4 Ne5 13.O-O-O Nxc4 14.Nxc4+ Kc8 15.Ne3 c6
16.Nc2 Kc7 17.Nd4 Nd7 18.Nxe6+ fxe6 19.Rd2 Re7 20.Rhd1 e5 21.b3 Nf8 22.Na4 Ne6
23.Nb2 a5 24.Nc4 Nc5 25.Kb2 b5 26.Ne3 Rd7 27.Ng4 Re8 28.Kc3 Rxd2 29.Rxd2 h5
30.Ne3 Ne6 31.a4 bxa4 32.bxa4 Nc5 33.Nc4 Nxa4+ 34.Kc2 Nb6 35.Nxa5 Ra8 36.Nb3 Nc4
37.Re2 Ra2+ 38.Kd3 Rxe2 39.Kxe2 Kb6 40.h4 Kb5 41.Kd3 Kb4 42.Nc1 Na3 43.Na2+ Kb3
44.Nc3 c5 45.f4 exf4 46.e5 Nc4 47.e6 Nd6 48.e7 c4+ 49.Kd2 Ne8 50.Nd5 Kb2
51.Nc3 Kb3 52.Nd5 Kb2 53.Nc3 Kb3  1/2-1/2

[Event "Alushta4"]
[Site "Alushta"]
[Date "1994.??.??"]
[Round "7"]
[White "Vyzmanavin, Alexey"]
[Black "Nenashev, Alexander"]
[Result "1-0"]
[WhiteElo "2610"]
[BlackElo "2575"]

1.d4 d5 2.c4 dxc4 3.e4 Nf6 4.e5 Nd5 5.Bxc4 Nb6 6.Bb3 Nc6 7.Ne2 Bf5 8.Nbc3 e6
9.O-O Qd7 10.a3 Rd8 11.Be3 Be7 12.Ba2 Na5 13.Ng3 Bg6 14.Qe2 O-O 15.b4 Nc6
16.Rad1 Nd5 17.Nxd5 exd5 18.Qd2 a5 19.b5 Na7 20.a4 c6 21.f4 Bb4 22.Qf2 f5
23.exf6 gxf6 24.f5 Bf7 25.Bh6 Rfe8 26.Qf4 Bf8 27.Bxf8 Rxf8 28.Qh6 Be8 29.Ne4 Qg7
30.Qxg7+ Kxg7 31.Nc5 Bf7 32.b6 Nc8 33.Nxb7 Nxb6 34.Nxd8 Rxd8 35.Bb3 Nc4 36.Kf2 Nd6
37.Bc2 Rc8 38.Bd3 c5 39.dxc5 Rxc5 40.Ke3 Rc7 41.Kd4 Nc4 42.Rc1 Kh6 43.Rc3 Rb7
44.Rb1 Nb2 45.Bb5 Nc4 46.Rbb3 Nd2 47.Rh3+ Kg7 48.Rbg3+ Kh8 49.Re3 Nc4 50.Rh6 Kg7
51.Reh3 Bg8 52.R6h4 Kf8 53.Rf4 Rb8 54.g4 Ke7 55.Rh6 Nd6 56.Rf1 Nxb5+ 57.axb5 Rxb5
58.Re1+ Kf7 59.g5 Rb4+ 60.Kc5 fxg5 61.Ra6 Rf4 62.Re5 Kg7 63.f6+ Rxf6 64.Rxg5+ Kh6
65.Rxf6+ Kxg5 66.Ra6 Bf7 67.Rxa5 Kg4 68.Ra3 Kh4 69.Rg3 Be6 70.Kd4 Bf7 71.Ke5 Bg6
72.Kxd5 Bb1 73.Ke5 Bg6 74.Kf4 Bb1 75.Ke3 Bg6 76.Kf2 Bb1 77.h3 Bg6 78.Kg2 Be4+
79.Kh2 Bf5 80.Rf3 Bb1 81.Rf4+ Kg5 82.Kg3 Bc2 83.Rc4 Bb1 84.Rc5+ Kf6 85.Kf4 Ke6
86.Kg5 Bd3 87.Rc7 Be4 88.h4 Bd3 89.Kh6 Be4 90.Rc4 Bd3 91.Rf4 Bg6 92.Kg7 Bf5
93.h5 Bc2 94.Rf1 Ke7 95.Re1+ Kd7 96.Kf6 Kd8 97.Re2 Bb1 98.Rb2 Be4 99.Ke5 Bf3
100.h6 Ke8 101.Ke6 Kd8 102.Ke5 Ke8 103.Rf2 Bh5 104.Rg2 Kf8 105.Kf6 Bf3 106.Rc2 Ke8
107.Rc7 Kd8 108.Rxh7 Be4 109.Rg7 Ke8 110.h7  1-0

[Event "Aschach op"]
[Site "Aschach"]
[Date "1994.??.??"]
[Round "?"]
[White "Knechtel, Roland"]
[Black "Jusic, Zdenko"]
[Result "0-1"]
[WhiteElo "2105"]
[BlackElo "2345"]

1.d4 d5 2.c4 dxc4 3.e4 c5 4.d5 Nf6 5.Nc3 b5 6.e5 b4 7.exf6 bxc3 8.bxc3 Nd7
9.Qa4 exf6 10.Bf4 Qb6 11.Bxc4 Bd6 12.Bd3 Bxf4 13.Qxf4 O-O 14.Nf3 Re8+ 15.Kf1 Ne5
16.Nxe5 Rxe5 17.Qd2 c4 18.Bxc4 Ba6 19.Qd3 Rd8 20.Kg1 Qb2 21.Rd1 Bxc4 22.Qxc4 Qc2
23.Rf1 Rexd5 24.h4 Rd3 25.Qa6 Qxc3 26.Qxa7 Qe5 27.Qa4 h5 28.Qc6 Rd1 29.g3 R1d2
30.Kg2 R8d3 31.Rh3 Rxa2 32.Kh1 Rad2 33.Kh2 Qe2 34.Qg2 Rd1 35.Qa8+ Kh7 36.Rxd1 Rxd1
37.Kg2 Qf1+ 38.Kf3 Rd3+ 39.Kf4 Qc1+ 40.Kf5  0-1

[Event "Aschach op"]
[Site "Aschach"]
[Date "1994.??.??"]
[Round "?"]
[White "Brumen, Dinko"]
[Black "Graef, Steffen"]
[Result "1/2-1/2"]
[WhiteElo "2315"]
[BlackElo "2240"]

1.d4 d5 2.c4 dxc4 3.e4 Nf6 4.e5 Nd5 5.Bxc4 Nb6 6.Bb3 Nc6 7.Nf3 Bg4 8.Bxf7+ Kxf7
9.Ng5+ Ke8 10.Qxg4 Qxd4 11.Qe2 Qxe5 12.Be3 Nd4 13.Bxd4 Qxg5 14.O-O Rd8 15.Be3 Qe5
16.Nc3 e6 17.Rad1 Rxd1 18.Rxd1 Bd6 19.f4 Qf5 20.g4 Qf7 21.f5 Kd7 22.Ne4 exf5
23.Qf3 Rb8 24.Bc5 Nc4 25.b3 Ne5 26.Qf4 fxe4 27.Bxd6 Nf3+ 28.Kf2 Qxf4 29.Bxf4+ Ke6
30.Ke3 Ne5 31.Bxe5 Kxe5 32.Rd7 Rf8 33.Re7+ Kd5 34.Rd7+ Ke5 35.Re7+ Kd5 36.Rd7+  1/2-1/2

[Event "AUT-ch"]
[Site "Austria"]
[Date "1994.??.??"]
[Round "4"]
[White "Stanec, Nikolaus"]
[Black "Zoebisch, Herbert"]
[Result "1-0"]
[WhiteElo "2450"]
[BlackElo "2240"]

1.d4 d5 2.c4 dxc4 3.e4 c5 4.d5 Nf6 5.Nc3 e6 6.Nf3 exd5 7.exd5 Bd6 8.Bxc4 O-O
9.O-O a6 10.a4 Bg4 11.h3 Bh5 12.Bg5 Re8 13.g4 Bg6 14.Nd2 h6 15.Be3 Nbd7 16.Be2 Ne5
17.Re1 Nd3 18.Bxd3 Bxd3 19.Qf3 c4 20.Bd4 Nh7 21.Rxe8+ Qxe8 22.h4 Qd8 23.Nde4 Be7
24.h5 Ng5 25.Nxg5 Bxg5 26.Re1 Qd7 27.Qg3 b5 28.f4 Be7 29.g5 hxg5 30.fxg5 Bd6
31.Qf3 Re8 32.Ne4 Bxe4 33.Rxe4 Rxe4 34.Qxe4 Qe7 35.Qxe7 Bxe7 36.axb5 axb5
37.g6 fxg6 38.hxg6 b4 39.Kf2 c3 40.Ke2 Bc5 41.bxc3 b3 42.Kd3 Bxd4 43.cxd4 b2
44.Kc2 b1=Q+ 45.Kxb1 Kf8 46.Kc2 Ke7 47.Kd3 Kf6 48.d6 Ke6 49.Ke4 Kxd6 50.d5 Kd7
51.Ke5 Ke7 52.d6+ Kd7 53.Kd5 Kd8 54.Ke6 Ke8 55.d7+ Kd8  1-0

[Event "Balatonbereny op"]
[Site "Balatonbereny"]
[Date "1994.??.??"]
[Round "4"]
[White "Szabo, Zsolt"]
[Black "Varga, Zoltan"]
[Result "1/2-1/2"]
[WhiteElo "2345"]
[BlackElo "2480"]

1.d4 d5 2.c4 dxc4 3.e4 b5 4.a4 Bb7 5.axb5 Bxe4 6.Nc3 Bb7 7.Nf3 Nf6 8.Bxc4 e6
9.O-O Bd6 10.Re1 O-O 11.Bg5 h6 12.Bh4 a6 13.Ne5 axb5 14.Rxa8 Bxa8 15.Bxb5 c5
16.dxc5 Bxc5 17.Qa4 Qd4 18.Qxa8 Qxh4 19.Qf3 Bd4 20.g3 Qg5  1/2-1/2

[Event "Belgrade"]
[Site "Belgrade"]
[Date "1994.??.??"]
[Round "8"]
[White "Mozetic, Dejan"]
[Black "Drasko, Milan"]
[Result "1/2-1/2"]
[WhiteElo "2550"]
[BlackElo "2520"]

1.d4 d5 2.c4 dxc4 3.e4 Nc6 4.Nf3 Bg4 5.Bxc4 e6 6.Bb5 Bxf3 7.Bxc6+ bxc6 8.gxf3 Rb8
9.Nc3 Bb4 10.Be3 Ne7 11.Qc2 O-O 12.O-O-O Ng6 13.Ne2 Qd6 14.Rd3 f5 15.Kb1 f4
16.Bc1 Rb5 17.Rb3 Ba5 18.Rxb5 cxb5 19.h4 Bb6 20.h5 Ne7 21.Bxf4 Rxf4 22.e5 Qd5
23.Nxf4 Qxf3 24.Qc1 Nc6 25.Rh3 Qe4+ 26.Qc2 Qe1+ 27.Qc1 Qe4+ 28.Qc2 Qe1+  1/2-1/2

[Event "Berliner Sommer"]
[Site "Berlin"]
[Date "1994.??.??"]
[Round "?"]
[White "Gaertner, Guntram"]
[Black "Reichenbach, Werner"]
[Result "0-1"]
[WhiteElo "2325"]
[BlackElo "2255"]

1.d4 d5 2.c4 dxc4 3.e4 Nf6 4.e5 Nd5 5.Bxc4 Nb6 6.Bd3 Nc6 7.Ne2 Bg4 8.f3 Bh5
9.Nbc3 e6 10.Be3 Bg6 11.O-O Bxd3 12.Qxd3 Nxe5 13.Qb5+ Ned7 14.d5 a6 15.Qd3 exd5
16.Rfe1 Be7 17.Nd4 O-O 18.Nf5 Bf6 19.Nxd5 Nxd5 20.Qxd5 c6 21.Qb3 Qc7 22.Rad1 b5
23.Qb4 Rfe8 24.Qg4 Nf8 25.Kf1 Re6 26.Bf4 Qa7 27.Be3 Qb7 28.Bd4 Bxd4 29.Qxd4 Rxe1+
30.Rxe1 Ne6 31.Qd6 c5 32.Qe5 Rd8 33.Nd6 Qe7 34.Nf5 Qd7 35.h4 h6 36.Kg1 Kh7
37.Qe4 g6 38.Ne3 Qd4 39.Qb7 Rd7 40.Qxa6 Qxh4 41.Kf1 Nf4  0-1

[Event "Bern op"]
[Site "Bern"]
[Date "1994.??.??"]
[Round "6"]
[White "Begovac, Franja"]
[Black "Suetin, Alexey S"]
[Result "1/2-1/2"]
[WhiteElo "2420"]
[BlackElo "2370"]

1.d4 d5 2.c4 dxc4 3.e4 Nf6 4.e5 Nd5 5.Bxc4 Nb6 6.Bd3 Nc6 7.Be3 Be6 8.Nc3 Qd7
9.Nf3 O-O-O 10.a3 Bg4 11.O-O e6 12.Rc1 f5 13.exf6 gxf6 14.Be4 Kb8 15.Bxc6 Qxc6
16.Ne5 fxe5 17.Qxg4 h5  1/2-1/2

[Event "Bern op"]
[Site "Bern"]
[Date "1994.??.??"]
[Round "7"]
[White "Razuvaev, Yuri S"]
[Black "Brunner, Lucas"]
[Result "1/2-1/2"]
[WhiteElo "2555"]
[BlackElo "2480"]

1.d4 d5 2.c4 dxc4 3.e4 Nf6 4.e5 Nd5 5.Bxc4 Nb6 6.Bd3 Nc6 7.Ne2 Bg4 8.Be3 Qd7
9.Nbc3 O-O-O 10.Bb5 a6 11.Bxc6 Qxc6 12.O-O f6 13.h3 Bh5 14.Qb3 Qc4 15.Nf4 Qxb3
16.axb3 Bf7 17.e6 g5 18.exf7 gxf4 19.Bxf4 h6 20.Rfd1 Nd5 21.Nxd5 Rxd5 22.Rac1 c6
23.Rc5 Rxc5 24.dxc5 e5 25.Be3 Rh7 26.g4 Rxf7 27.Kg2 f5 28.gxf5 Rxf5 29.Kg3 h5
30.b4 Be7  1/2-1/2

[Event "Biel op"]
[Site "Biel"]
[Date "1994.??.??"]
[Round "5"]
[White "Adianto, Utut"]
[Black "Neamtu, Serban"]
[Result "1-0"]
[WhiteElo "2520"]
[BlackElo "2335"]

1.d4 d5 2.c4 dxc4 3.e4 Nf6 4.e5 Nd5 5.Bxc4 Nb6 6.Bb3 Bf5 7.Nc3 e6 8.Nge2 Nc6
9.a3 Be7 10.O-O O-O 11.h3 h6 12.Ba2 Qd7 13.Be3 Rad8 14.Qc1 Na5 15.Bxh6 gxh6
16.Qxh6 Rfe8 17.Ng3 Bf8 18.Qg5+ Bg6 19.Nce4 Bg7 20.Nf6+ Bxf6 21.exf6 Qxd4
22.Rad1  1-0

[Event "Wch Seniors"]
[Site "Biel"]
[Date "1994.??.??"]
[Round "5"]
[White "Arkhangelsky, Boris"]
[Black "Lein, Anatoly"]
[Result "1-0"]
[WhiteElo "2360"]
[BlackElo "2470"]

1.d4 d5 2.c4 dxc4 3.e4 Nc6 4.Be3 Nf6 5.Nc3 e5 6.Nf3 exd4 7.Nxd4 Nxd4 8.Bxd4 b5
9.Nxb5 Nxe4 10.Qa4 c6 11.Nc3 Nxc3 12.Bxc3 Qd5 13.Bxc4 Qd6 14.O-O Be7 15.Rad1 Qc7
16.Bxg7 Rg8 17.Be5 Qb7 18.Rfe1 Be6 19.Bxe6 fxe6 20.Bd6 Rg6 21.Bxe7 Kxe7 22.Qh4+ Kf8
23.Rd8+ Rxd8 24.Qxd8+ Kg7 25.Rd1 Qb4 26.g3 Rf6 27.Rd7+  1-0

[Event "Biel op"]
[Site "Biel"]
[Date "1994.??.??"]
[Round "7"]
[White "Lamprecht, Frank"]
[Black "Neamtu, Serban"]
[Result "1-0"]
[WhiteElo "2340"]
[BlackElo "2335"]

1.d4 d5 2.c4 dxc4 3.e4 Nf6 4.Nc3 e5 5.Nf3 exd4 6.Qxd4 Qxd4 7.Nxd4 Bc5 8.Ndb5 Na6
9.Bf4 Be6 10.Bxc7 Ke7 11.f3 Rac8 12.Bf4 Rhd8 13.a3 Nh5 14.Bg5+ f6 15.Bc1 g5
16.g4 Ng7 17.h4 h6 18.e5 Bd4 19.Nxd4 Rxd4 20.exf6+ Kxf6 21.hxg5+ hxg5 22.Be3 Rd7
23.Ne4+ Kg6 24.Bxg5 Bd5 25.Rh6+ Kf7 26.Nd6+ Rxd6 27.Rxd6 Bxf3 28.Rf6+  1-0

[Event "Schneider mem"]
[Site "Budapest"]
[Date "1994.??.??"]
[Round "?"]
[White "Vasilchenko, Oleg"]
[Black "Csoke, Adrienn"]
[Result "1-0"]
[WhiteElo "2415"]
[BlackElo "2200"]

1.d4 d5 2.c4 dxc4 3.e4 c5 4.d5 e6 5.Nc3 exd5 6.Nxd5 Ne7 7.Bxc4 Nxd5 8.Bxd5 Be7
9.Ne2 O-O 10.O-O Na6 11.Nc3 Nc7 12.Qe2 Nxd5 13.Nxd5 Be6 14.Rd1 Bxd5 15.Rxd5 Qb6
16.Rd7 Bd6 17.e5 Rae8 18.f4 Qc6 19.Qg4 Bc7 20.Be3 Re6 21.Rad1 b5 22.R7d5 c4
23.Qg3 Rfe8 24.Rc5 Qb7 25.Rd7 Rc8 26.Rcxc7  1-0

[Event "Budapest Honved"]
[Site "Budapest"]
[Date "1994.??.??"]
[Round "2"]
[White "Gaertner, Guntram"]
[Black "Varga, Zoltan"]
[Result "0-1"]
[WhiteElo "2325"]
[BlackElo "2480"]

1.d4 d5 2.c4 dxc4 3.e4 Nf6 4.e5 Nd5 5.Bxc4 Nb6 6.Bd3 Nc6 7.Ne2 Nb4 8.Be4 c6
9.Nbc3 g6 10.O-O Bg7 11.f4 Bf5 12.Qb3 N4d5 13.Bf3 Be6 14.Qd1 f5 15.exf6 exf6
16.Nxd5 Nxd5 17.Nc3 f5 18.Re1 Kf7 19.g4 fxg4 20.Ne4 Bf5 21.Ng5+ Kg8 22.Bxg4 Qd7
23.Bf3 h6 24.Ne4 Kh7 25.Nc5 Qf7 26.Nb3 Nb4 27.Be4 Rhe8 28.Bxf5 Qxf5 29.Bd2 Nc2
30.Rxe8 Rxe8 31.Rc1 Nxd4 32.Nxd4 Bxd4+ 33.Kg2 Qe4+ 34.Qf3 Qe2+  0-1

[Event "Budapest FS04 IM-B"]
[Site "Budapest"]
[Date "1994.??.??"]
[Round "2"]
[White "Barth, Rainer"]
[Black "Jonkman, Harmen"]
[Result "1/2-1/2"]
[WhiteElo "2285"]
[BlackElo "2340"]

1.d4 d5 2.c4 dxc4 3.e4 Nf6 4.Nc3 e5 5.d5 c6 6.Bg5 Bb4 7.Bxf6 Qxf6 8.Bxc4 Qg6
9.Qf3 cxd5 10.Bxd5 Nc6 11.Bxc6+ Qxc6 12.Ne2 O-O 13.O-O Be6 14.Rfd1 Rad8 15.Rac1 Bxc3
16.Nxc3 Qb6 17.b3 Qa5 18.Qe3 h6 19.h3 Kh7 20.Na4 b6 21.Qc3 Qb5 22.Qe1 Rc8
23.Qd2 Rc6 24.Rxc6 Qxc6 25.Nc3 Rc8 26.Nd5 Qc2 27.f3 Qxd2 28.Rxd2 Rc1+ 29.Kh2 Kg8
30.Kg3 Kf8 31.Ne3 Ke7 32.Kf2 f6 33.Ke2 a5 34.Rc2 Rxc2+ 35.Nxc2 a4 36.bxa4 Bxa2
37.Na1 Kd6 38.Kd3 Kc5 39.Kc3 Bc4 40.Nb3+ Bxb3 41.Kxb3 h5 42.g3 g6 43.g4 hxg4
44.hxg4 g5  1/2-1/2

[Event "Budapest FS12 GM"]
[Site "Budapest"]
[Date "1994.??.??"]
[Round "2"]
[White "Sherbakov, Ruslan"]
[Black "Krizsany, Laszlo"]
[Result "0-1"]
[WhiteElo "2510"]
[BlackElo "2395"]

1.d4 d5 2.c4 dxc4 3.e4 c5 4.d5 e6 5.Bxc4 Nf6 6.Nc3 exd5 7.exd5 a6 8.Bf4 Bd6
9.Qe2+ Kf8 10.Qd2 b5 11.Be2 Qc7 12.Bxd6+ Qxd6 13.Nf3 Bg4 14.O-O Nbd7 15.Rfe1 h6
16.a4 b4 17.Nd1 g6 18.Ne3 Bxf3 19.Bxf3 Ne5 20.Be2 Kg7 21.Rad1 Rad8 22.Qc1 Rhe8
23.f4 Ned7 24.Nc4 Qb8 25.a5 Re4 26.g3 Nf8 27.Nb6 N8d7 28.Nc4 Nf8 29.Ne5 Qc7
30.Bxa6 Rxe1+ 31.Rxe1 Nxd5 32.Bc4 Ne6 33.a6 Nd4 34.Qb1 f5 35.Qa2 Nf6 36.Ra1 Qa7
37.Qa5 Re8 38.Re1 Ng4 39.Bd5 c4 40.Kg2 Nb3 41.Nxg4 Nxa5 42.Rxe8 fxg4 43.Rg8+ Kh7
44.Rf8 Qc5 45.Rf7+ Kh8 46.Be4 Qd4 47.Re7 Qxb2+ 48.Kf1 Qa1+ 49.Ke2 Nc6  0-1

[Event "Budapest FS03 IM-A"]
[Site "Budapest"]
[Date "1994.??.??"]
[Round "3"]
[White "Vojinovic, Goran"]
[Black "Sapi, Laszlo"]
[Result "1/2-1/2"]
[WhiteElo "2420"]
[BlackElo "2285"]

1.d4 d5 2.c4 dxc4 3.e4 Nf6 4.e5 Nd5 5.Bxc4 Nb6 6.Bb3 Nc6 7.Ne2 Bf5 8.Nbc3 e6
9.a3 Ne7 10.O-O Qd7 11.Ng3 Rd8 12.Be3 Bg6 13.Nce4 Nc6 14.Bg5 Be7 15.Nc5  1/2-1/2

[Event "Budapest FS05 IM"]
[Site "Budapest"]
[Date "1994.??.??"]
[Round "4"]
[White "Varga, Peter"]
[Black "Hoang Than Trang"]
[Result "1-0"]
[WhiteElo "2330"]
[BlackElo "2260"]

1.d4 d5 2.c4 dxc4 3.e4 Nf6 4.e5 Nd5 5.Bxc4 Nb6 6.Bb3 Bf5 7.Ne2 e6 8.Nbc3 Nc6
9.O-O Qd7 10.Be3 Rd8 11.Ng3 Bg6 12.h4 h5 13.Nce2 Be7 14.Nf4 Nxd4 15.Nxg6 fxg6
16.Bxd4 Qxd4 17.Qc2 Qg4 18.Rae1 Bxh4 19.Re4 Qg5 20.Rxh4 Qxh4  1-0

[Event "Budapest FS03 IM-A"]
[Site "Budapest"]
[Date "1994.??.??"]
[Round "5"]
[White "Remling, Christian"]
[Black "Sapi, Laszlo"]
[Result "0-1"]
[WhiteElo "2305"]
[BlackElo "2285"]

1.d4 d5 2.c4 dxc4 3.e4 Nf6 4.e5 Nd5 5.Bxc4 Nb6 6.Bb3 Nc6 7.Nf3 Bf5 8.Nc3 e6
9.h3 Nb4 10.O-O Be7 11.Be3 Qd7 12.Qd2 O-O 13.Bg5 Rfd8 14.a3 N4d5 15.Rfe1 Bxg5
16.Qxg5 Nxc3 17.bxc3 Qb5 18.Nd2 h6 19.Qe3 c5 20.a4 cxd4 21.cxd4 Qb4 22.Nf3 Rac8
23.Rec1 a5 24.g4 Bg6 25.Kh2 Nc4 26.Bxc4 Rxc4 27.Rxc4 Qxc4 28.h4 Qd5 29.Re1 Bc2
30.h5 Bxa4 31.g5 Bc6 32.gxh6 Qxf3  0-1

[Event "Budapest FS03 IM-A"]
[Site "Budapest"]
[Date "1994.??.??"]
[Round "5"]
[White "Krizsany, Laszlo"]
[Black "Hoang Than Trang"]
[Result "0-1"]
[WhiteElo "2385"]
[BlackElo "2260"]

1.d4 d5 2.c4 dxc4 3.e4 Nf6 4.Nc3 e5 5.Nf3 exd4 6.Qxd4 Bd6 7.Bg5 Nc6 8.Qd2 Be6
9.O-O-O h6 10.Bh4 Ne5 11.Nd4 Bb4 12.Qc2 Nd3+ 13.Bxd3 Qxd4 14.Qa4+ Qd7 15.Qxb4 cxd3
16.e5 c5 17.Qb5 Qxb5 18.Nxb5 Nd5 19.Nd6+ Kf8 20.Rxd3 g5 21.Bg3 Nb4 22.Rd2 Nxa2+
23.Kb1 Kg7 24.f4 gxf4 25.Bxf4 Nb4 26.g4 Nd5 27.Bg3 Rhg8 28.h3 b6 29.Bh4 a5
30.Rf1 a4 31.Rf3 Ra7 32.Nf5+ Kh7 33.Nd6 Rga8 34.Rdf2 a3 35.bxa3 Rxa3 36.Rxa3 Rxa3
37.Nxf7 Rxh3 38.Nd8 Bxg4 39.Rf7+ Kg6 40.Bf6 Bf5+ 41.Kc1 c4 42.Rg7+ Kh5 43.Rg1 Rh2  0-1